Statistics for Biggest US Cities By Population from 1900-2000

Click here to take the quiz!

General Stats

  • This quiz has been taken 448 times
  • The average score is 16 of 19

Answer Stats

Answer % Correct
New York City
100%
Chicago
99%
Los Angeles
98%
Houston
97%
Dallas
97%
Philadelphia
96%
Boston
96%
San Francisco
93%
Detroit
90%
Washington D.C.
88%
Phoenix
87%
San Diego
83%
Baltimore
82%
Cleveland
79%
San Antonio
76%
St. Louis
72%
Pittsburgh
67%
Buffalo
56%
Cincinnati
54%

Score Distribution

Percentile by Number Answered

Percent of People with Each Score

Your Score History

You have not taken this quiz